Cleavages and Folds in Changing Tectonic Regimes: The Veľký Bok Mesozoic Cover Unit of the Veporicum (Nízke Tatry Mts., Central Western Carpathians)

Podrobná bibliografia
Hlavný autor: Plašienka, Dušan (Author)
Médium: Článok
Jazyk:English
Témy:
Zdroj: 1. Slovak geological magazine 1. 1335-96X 1. , č. 2(1995), s. 97-113
LEADER 01186nab#a2200349#ar4500
001 000000585
003 SVKKK
005 00000000000000.0
008 c xo e engo
FMT
038 |a SVKKK 
040 |a SVKKK  |b slo  |e AACR2 
041 0 |a eng  |b eng 
044 |a xo  |c SK 
080 |a 551.243"615"(234.372.3  |2 1981 
080 |a 551.76(234.372.3  |2 1981 
100 1 |a Plašienka, Dušan  |4 aut 
242 1 0 |a Kliváže a vrásy v zmenenom tektonickom systéme: Veľký Bok - mezozoický útvar Veporika (Nízke Tatry, Centrálne Západné Karpaty) 
245 1 0 |a Cleavages and Folds in Changing Tectonic Regimes: The Veľký Bok Mesozoic Cover Unit of the Veporicum (Nízke Tatry Mts., Central Western Carpathians)  |c Plašienka Dušan, 
300 |b Fotogr. 2, obr. 6, 
504 |a Res. angl., lit. 86 zázn. v angl., fran., nem. 
650 0 4 |a kliváže  |x útvary litostratigrafické  |x tektonika 
650 0 4 |a mezozoikum  |x analýzy 
650 0 4 |a vrásy 
773 0 |t Slovak geological magazine  |x 1335-96X  |g , č. 2(1995), s. 97-113 
958 |a MS 
958 |a NB 
974 |d 951221  |a 244 
992 |a RBX 
BAS
852 |a SVKKK  |b BIB 
998 |a GEO